[Event "Regionalliga SW 1011"]
[Site "Bayern"]
[Date "2010.10.24"]
[Round "2.6"]
[White "Linke, Stefan"]
[Black "Schweier, Lorenz"]
[Result "1-0"]
[WhiteElo "2112"]
[BlackElo "1959"]
[PlyCount "85"]
[EventDate "2010.10.10"]
[EventType "team-tourn"]
[EventRounds "9"]
[EventCountry "GER"]
[SourceTitle "EXT 2012"]
[Source "ChessBase"]
[SourceDate "2011.11.24"]
[SourceVersion "1"]
[SourceVersionDate "2011.11.24"]
[SourceQuality "1"]
[WhiteTeam "Muenchen Suedost"]
[BlackTeam "Sonthofen"]
[WhiteTeamCountry "GER"]
[BlackTeamCountry "GER"]

1. e4 c5 2. Nf3 a6 3. c3 d6 4. d4 Nd7 5. Bd3 g6 6. 0-0 Bg7 7. Re1 e5 8. Nbd2 Ne7 9. Nc4 Qc7 10. dxe5 dxe5 11. Bg5 b5 12. Ne3 f6 13. Bh4 0-0 14. Bc2 Nb6 15. Bg3 Bb7 16. h4 Rad8 17. Qe2 h5 18. Nd2 Rd7 19. Bh2 Bc8 20. a4 Rfd8 21. Ndf1 c4 22. a5 Na8 23. b3 cxb3 24. Bxb3+ Kh7 25. c4 b4 26. Nd5 Qc5 27. Qf3 Rf8 28. Qe3 Qxe3 29. Nfxe3 Nc6 30. Ba4 Bb7 31. Nxb4 Nxb4 32. Bxd7 Bxe4 33. f3 Bc6 34. Rab1 Rd8 35. Rxb4 Rxd7 36. Rd1 Rf7 37. Rd8 Nc7 38. Rb6 Ne6 39. Rd6 Bh6 40. Kf2 Nd4 41. Rdxc6 Nxc6 42. Rxc6 Rd7 43. Nd5 1-0

[Event "Regionalliga SW 0910"]
[Site "Bayern"]
[Date "2010.04.11"]
[Round "9.6"]
[White "Wittke, Volker"]
[Black "Schweier, Lorenz"]
[Result "1-0"]
[WhiteElo "2069"]
[BlackElo "1959"]
[PlyCount "84"]
[EventDate "2009.10.18"]
[EventType "team-tourn"]
[EventRounds "9"]
[EventCountry "GER"]
[SourceTitle "EXT 2011"]
[Source "ChessBase"]
[SourceDate "2010.11.26"]
[SourceVersion "1"]
[SourceVersionDate "2010.11.26"]
[SourceQuality "1"]
[WhiteTeam "Garching II"]
[BlackTeam "Sonthofen"]
[WhiteTeamCountry "GER"]
[BlackTeamCountry "GER"]

1. e4 c5 2. c3 e6 3. d4 a6 4. Nf3 b5 5. Bd3 Bb7 6. 0-0 Nf6 7. e5 Ne4 8. Re1 f5 9. exf6 Nxf6 10. Bg5 cxd4 11. Nxd4 Be7 12. Bxf6 Bxf6 13. Qh5+ Kf8 14. Nd2 Nc6 15. Ne4 Nxd4 16. cxd4 Bxd4 17. Nd6 g6 18. Qh6+ Ke7 19. Nxb7 Qb6 20. Qh4+ Ke8 21. Be4 Ra7 22. Rad1 Rf8 23. Bf3 Bxf2+ 24. Qxf2 Qxf2+ 25. Kxf2 Rxb7 26. Ke3 Rb6 27. Rc1 Ke7 28. Rc7 Rfb8 29. Rd1 Rd6 30. Rxd6 Kxd6 31. Ra7 Rb6 32. Bb7 a5 33. Bc8 Rc6 34. Bxd7 Rc2 35. Bxb5 Rxb2 36. a4 Rxg2 37. Rxh7 Ke5 38. Kf3 Rb2 39. Rh6 Kf5 40. Bd3+ Ke5 41. Bxg6 Rb3+ 42. Ke2 Kf4 1-0

[Event "Regionalliga SW 0809"]
[Site "Bayern"]
[Date "2009.03.29"]
[Round "9.2"]
[White "Ruether, Rudolf"]
[Black "Schweier, Lorenz"]
[Result "1-0"]
[WhiteElo "2105"]
[BlackElo "1998"]
[PlyCount "87"]
[EventDate "2008.10.05"]
[EventType "team-tourn"]
[EventRounds "9"]
[EventCountry "GER"]
[SourceTitle "EXT 2020"]
[Source "ChessBase"]
[SourceDate "2019.10.17"]
[SourceVersion "1"]
[SourceVersionDate "2019.10.17"]
[SourceQuality "1"]
[WhiteTeam "Muenchen Siemens"]
[BlackTeam "Sonthofen"]
[WhiteTeamCountry "GER"]
[BlackTeamCountry "GER"]

1. d4 Nf6 2. c4 d6 3. Nc3 e5 4. d5 Be7 5. e4 0-0 6. Bd3 a5 7. Nge2 Na6 8. 0-0 Bd7 9. Rb1 Nc5 10. Bc2 Ne8 11. b3 g6 12. a3 Ng7 13. b4 axb4 14. axb4 Na6 15. f4 exf4 16. Bxf4 Bg5 17. Qd4 Nh5 18. Be3 Bg4 19. Nf4 Bf6 20. Qd2 Ng7 21. Nd3 Ne8 22. Bh6 Ng7 23. Kh1 Nb8 24. Rbe1 Bh4 25. g3 Be7 26. Kg2 Qc8 27. Nf2 Bd7 28. Kh1 Ra3 29. Ne2 Bh3 30. Nxh3 Qxh3 31. Bb1 Nd7 32. Bxg7 Kxg7 33. Qb2+ Ne5 34. Nf4 Qh6 35. Qxa3 g5 36. Nd3 Ng4 37. Qa2 Ra8 38. Qg2 Bf6 39. Nf2 Ne5 40. c5 Ra3 41. cxd6 cxd6 42. Qh3 g4 43. Qxh6+ Kxh6 44. Kg2 1-0

[Event "Regionalliga SW 0809"]
[Site "Bayern"]
[Date "2009.02.01"]
[Round "6.3"]
[White "Schweier, Lorenz"]
[Black "Wood, Christopher Baruch"]
[Result "0-1"]
[WhiteElo "1998"]
[BlackElo "2202"]
[PlyCount "88"]
[EventDate "2008.10.05"]
[EventType "team-tourn"]
[EventRounds "9"]
[EventCountry "GER"]
[SourceTitle "EXT 2020"]
[Source "ChessBase"]
[SourceDate "2019.10.17"]
[SourceVersion "1"]
[SourceVersionDate "2019.10.17"]
[SourceQuality "1"]
[WhiteTeam "Sonthofen"]
[BlackTeam "Muenchen Tarrasch II"]
[WhiteTeamCountry "GER"]
[BlackTeamCountry "GER"]

1. e4 e6 2. d4 d5 3. e5 c5 4. c3 Nc6 5. a3 Qb6 6. Nf3 a5 7. Be2 Bd7 8. 0-0 a4 9. h3 Na5 10. Ra2 Bb5 11. Be3 Bxe2 12. Qxe2 c4 13. Nbd2 Ne7 14. Nh2 Nf5 15. g4 Nxe3 16. fxe3 Be7 17. Ndf3 Nb3 18. Qc2 0-0 19. g5 f6 20. exf6 gxf6 21. gxf6 Bxf6 22. Ng4 Qc7 23. Qg2 Kh8 24. Nd2 Bh4 25. Nxb3 Rxf1+ 26. Qxf1 axb3 27. Ra1 Rg8 28. Kh1 Qg7 29. Qe2 Qg6 30. Rf1 h5 31. Ne5 Qe4+ 32. Qf3 Rg3 33. Qxe4 dxe4 34. Rf4 Be7 35. Rxe4 b5 36. d5 Bxa3 37. dxe6 Bxb2 38. e7 Rg8 39. Rf4 Ba3 40. Ng6+ Kg7 41. Nh4 Ra8 42. Nf5+ Kf7 43. Nd6+ Kxe7 44. Nxb5 b2 0-1

[Event "Regionalliga SW 0607"]
[Site "Bayern"]
[Date "2007.03.18"]
[Round "7.5"]
[White "Schreiber, Alexander"]
[Black "Schweier, Lorenz"]
[Result "1-0"]
[WhiteElo "2030"]
[BlackElo "2010"]
[PlyCount "53"]
[EventDate "2006.10.15"]
[EventType "team-tourn"]
[EventRounds "9"]
[EventCountry "GER"]
[SourceTitle "EXT 2008"]
[Source "ChessBase"]
[SourceDate "2007.11.25"]
[SourceVersion "1"]
[SourceVersionDate "2007.11.25"]
[SourceQuality "1"]
[WhiteTeam "Muenchen Schwabing"]
[BlackTeam "Sonthofen"]
[WhiteTeamCountry "GER"]
[BlackTeamCountry "GER"]

1. e4 c5 2. c3 e6 3. d4 cxd4 4. cxd4 Nf6 5. Nc3 Bb4 6. Bd3 d6 7. f4 Nc6 8. Nf3 Qb6 9. a3 Bxc3+ 10. bxc3 a6 11. 0-0 Bd7 12. Kh1 Rc8 13. e5 dxe5 14. fxe5 Nd5 15. Ng5 Nxc3 16. Qf3 Nxd4 17. Qxf7+ Kd8 18. Be3 Re8 19. Nf3 Qb3 20. Nxd4 Qd5 21. Rac1 Qxe5 22. Nf5 exf5 23. Bg5+ Re7 24. Rfe1 Ne4 25. Qf8+ Be8 26. Bxe7+ Kd7 27. Bxe4 1-0

[Event "Regionalliga SW 0607"]
[Site "Bayern"]
[Date "2007.02.04"]
[Round "5.5"]
[White "Broschwitz, Martin"]
[Black "Schweier, Lorenz"]
[Result "1-0"]
[WhiteElo "2106"]
[BlackElo "2010"]
[PlyCount "73"]
[EventDate "2006.10.15"]
[EventType "team-tourn"]
[EventRounds "9"]
[EventCountry "GER"]
[SourceTitle "EXT 2008"]
[Source "ChessBase"]
[SourceDate "2007.11.25"]
[SourceVersion "1"]
[SourceVersionDate "2007.11.25"]
[SourceQuality "1"]
[WhiteTeam "Unterhaching"]
[BlackTeam "Sonthofen"]
[WhiteTeamCountry "GER"]
[BlackTeamCountry "GER"]

1. d4 Nf6 2. c4 d6 3. Nc3 e5 4. dxe5 dxe5 5. Bg5 c6 6. Qxd8+ Kxd8 7. Nf3 Nbd7 8. g3 Bb4 9. Bd2 Re8 10. Bg2 Bxc3 11. Bxc3 Ne4 12. Bb4 a5 13. Ba3 Kc7 14. 0-0 Ndc5 15. Rfd1 Na6 16. Ne1 Nec5 17. b3 Bf5 18. Bb2 f6 19. Bc3 b6 20. Rd2 Rad8 21. Rad1 Rxd2 22. Rxd2 Rd8 23. Rxd8 Kxd8 24. Bxc6 Nb4 25. Bxb4 axb4 26. e4 Nxe4 27. Nd3 Nxg3 28. Nxb4 Ne2+ 29. Kf1 Nc1 30. Ke1 Bb1 31. Kd2 Nxa2 32. Nxa2 Kc7 33. Nc3 Bg6 34. Bg2 Kd6 35. Nd5 e4 36. Ke3 f5 37. Kd4 1-0

[Event "Regionalliga SW 0506"]
[Site "Bayern"]
[Date "2006.01.29"]
[Round "6.4"]
[White "Schweier, Lorenz"]
[Black "Hittinger, Christian"]
[Result "1-0"]
[WhiteElo "2030"]
[BlackElo "2055"]
[PlyCount "85"]
[EventDate "2005.10.23"]
[EventType "team-tourn"]
[EventRounds "9"]
[EventCountry "GER"]
[SourceTitle "EXT 2007"]
[Source "ChessBase"]
[SourceDate "2006.11.23"]
[SourceVersion "1"]
[SourceVersionDate "2006.11.23"]
[SourceQuality "1"]

1. e4 c6 2. d4 d5 3. exd5 cxd5 4. Bd3 Nc6 5. c3 g6 6. h3 Bg7 7. Nf3 Bf5 8. 0-0 Nf6 9. Bxf5 gxf5 10. Nbd2 0-0 11. Re1 Ne4 12. Nf1 Qb6 13. Qc2 Rac8 14. Qe2 Qc7 15. g3 Rfe8 16. Bf4 Qd7 17. Rad1 f6 18. Ne3 Na5 19. Nh4 e6 20. f3 Nd6 21. Bxd6 Qxd6 22. f4 Qd7 23. g4 fxg4 24. Qxg4 f5 25. Qg5 Qd8 26. Qh5 Bf6 27. Nf3 Kh8 28. Re2 Rg8+ 29. Ng2 Qd7 30. Rde1 Rce8 31. Kh1 Nc4 32. Ngh4 Nd6 33. Ng5 Bxg5 34. fxg5 Ne4 35. Rg2 Qc7 36. Reg1 Kg7 37. Qh6+ Kh8 38. g6 Qg7 39. Qh5 h6 40. Nf3 Nf6 41. Qh4 Ne4 42. Ne5 Nd6 43. Nf7+ 1-0

[Event "Regionalliga SW 0506"]
[Site "Bayern"]
[Date "2006.01.15"]
[Round "5.3"]
[White "Schweier, Lorenz"]
[Black "Urankar, Hans Peter"]
[Result "0-1"]
[WhiteElo "2030"]
[BlackElo "2162"]
[PlyCount "62"]
[EventDate "2005.10.23"]
[EventType "team-tourn"]
[EventRounds "9"]
[EventCountry "GER"]
[SourceTitle "EXT 2007"]
[Source "ChessBase"]
[SourceDate "2006.11.23"]
[SourceVersion "1"]
[SourceVersionDate "2006.11.23"]
[SourceQuality "1"]

1. e4 g6 2. d4 Bg7 3. f4 c5 4. c3 cxd4 5. cxd4 Qb6 6. Nf3 Nc6 7. e5 d6 8. d5 Nb4 9. a3 Na6 10. Nc3 Bg4 11. Bb5+ Kf8 12. Qe2 Bxf3 13. gxf3 Nh6 14. Be3 Qa5 15. 0-0 Nf5 16. Bf2 Bh6 17. b4 Qc7 18. Qb2 dxe5 19. fxe5 Qxe5 20. Rae1 Qf6 21. Bxa6 bxa6 22. Bc5 Bg7 23. Rc1 Qg5+ 24. Kh1 Qh4 25. Qg2 Rd8 26. Rfd1 Rd7 27. Ne4 Be5 28. Rc4 Kg7 29. Nd6 Qh5 30. Ne4 Rhd8 31. f4 Qxd1+ 0-1

[Event "Regionalliga SW 0506"]
[Site "Bayern"]
[Date "2005.11.27"]
[Round "3.3"]
[White "Schweier, Lorenz"]
[Black "Baeuml, Ulrich"]
[Result "0-1"]
[WhiteElo "2030"]
[BlackElo "1982"]
[PlyCount "78"]
[EventDate "2005.10.23"]
[EventType "team-tourn"]
[EventRounds "9"]
[EventCountry "GER"]
[SourceTitle "EXT 2007"]
[Source "ChessBase"]
[SourceDate "2006.11.23"]
[SourceVersion "1"]
[SourceVersionDate "2006.11.23"]
[SourceQuality "1"]

1. e4 c5 2. Nf3 e6 3. d4 cxd4 4. Nxd4 a6 5. Bd3 Qc7 6. 0-0 Nf6 7. Be3 Be7 8. c4 0-0 9. Nc3 d6 10. Rc1 Nbd7 11. f4 b6 12. g4 Nc5 13. g5 Ng4 14. Qxg4 Nxd3 15. Rc2 Nb4 16. Rg2 Qxc4 17. f5 exf5 18. Nxf5 Bxf5 19. Qxf5 d5 20. exd5 Bc5 21. Bxc5 Qxc5+ 22. Kh1 g6 23. Qf3 Rad8 24. Ne4 Qc4 25. Nf6+ Kg7 26. Rd1 Rd6 27. b3 Qc8 28. Qf4 Qc5 29. Qe5 Rxf6 30. gxf6+ Kg8 31. Qg5 Qc3 32. Rf2 Nd3 33. Rf3 Re8 34. Rfxd3 Re1+ 35. Rxe1 Qxe1+ 36. Kg2 Qe2+ 37. Kg1 Qxd3 38. Qe5 Qb1+ 39. Kf2 Qxa2+ 0-1

[Event "Regionalliga SW 0506"]
[Site "Bayern"]
[Date "2005.11.13"]
[Round "2.4"]
[White "Schweier, Lorenz"]
[Black "Schamberger, Alfons"]
[Result "0-1"]
[WhiteElo "2030"]
[BlackElo "2160"]
[PlyCount "78"]
[EventDate "2005.10.23"]
[EventType "team-tourn"]
[EventRounds "9"]
[EventCountry "GER"]
[SourceTitle "EXT 2007"]
[Source "ChessBase"]
[SourceDate "2006.11.23"]
[SourceVersion "1"]
[SourceVersionDate "2006.11.23"]
[SourceQuality "1"]

1. e4 c5 2. Nf3 Nc6 3. d4 cxd4 4. Nxd4 g6 5. Nc3 Bg7 6. Be3 d6 7. Qd2 Nf6 8. f3 Bd7 9. Bc4 0-0 10. 0-0-0 Rc8 11. Nxc6 Rxc6 12. Bb3 Be6 13. h4 Qa5 14. Kb1 Rfc8 15. Nd5 Qxd2 16. Rxd2 Kf8 17. Nb4 R6c7 18. Bxa7 b6 19. e5 Ne8 20. Bxb6 Rb7 21. exd6 Nxd6 22. Bd4 Rxb4 23. Bxg7+ Kxg7 24. Bxe6 fxe6 25. b3 Rc6 26. h5 g5 27. Re2 Kf6 28. Rhe1 Nb5 29. Kb2 Nc3 30. Rd2 Nd5 31. a3 Rb8 32. Re4 h6 33. g4 Nc3 34. Red4 Rbc8 35. Rd8 e5 36. Rxc8 Rxc8 37. Rd3 Nb5 38. c4 Nd4 39. Kc3 Ke6 0-1

[Event "Regionalliga SW 0001"]
[Site "Bayern"]
[Date "2001.01.28"]
[Round "5.3"]
[White "Kraenzle, Harald"]
[Black "Schweier, Lorenz"]
[Result "0-1"]
[WhiteElo "2110"]
[BlackElo "1740"]
[PlyCount "98"]
[EventDate "2000.10.15"]
[EventType "team-tourn"]
[EventRounds "9"]
[EventCountry "GER"]
[SourceTitle "EXT 2020"]
[Source "ChessBase"]
[SourceDate "2019.10.17"]
[SourceVersion "1"]
[SourceVersionDate "2019.10.17"]
[SourceQuality "1"]
[WhiteTeam "Garching"]
[BlackTeam "Sonthofen"]
[WhiteTeamCountry "GER"]
[BlackTeamCountry "GER"]

1. e4 c5 2. Nc3 g6 3. f4 Bg7 4. Nf3 Nc6 5. Bc4 e6 6. d3 Nge7 7. 0-0 Na5 8. Bb3 Nxb3 9. axb3 0-0 10. Qe1 Nc6 11. f5 exf5 12. exf5 d5 13. fxg6 fxg6 14. Bg5 Qd6 15. Qh4 Bf5 16. Rae1 Rae8 17. Bf4 Qd7 18. Qg3 Rxe1 19. Rxe1 d4 20. Ne4 Bxe4 21. Rxe4 Re8 22. Ng5 Rxe4 23. Nxe4 b6 24. Bh6 Be5 25. Bf4 Qf5 26. Bxe5 Qxe5 27. Qf3 Kg7 28. g4 Nb4 29. c4 Nc2 30. h4 Qe6 31. Qf4 Qe7 32. h5 gxh5 33. gxh5 Ne3 34. Nd6 h6 35. Qg3+ Qg5 36. Qxg5+ hxg5 37. Nc8 Nd1 38. Kf1 g4 39. Nxa7 Nxb2 40. Ke2 Nxd3 41. Nb5 Nc1+ 42. Kf2 Kh6 43. b4 cxb4 44. Nxd4 b3 45. Nf5+ Kxh5 46. Ng3+ Kh4 47. Ne4 b2 48. Nd2 Kh3 49. Kg1 g3 0-1

[Event "Regionalliga SW 9900"]
[Site "Bayern"]
[Date "2000.??.??"]
[Round "5.6"]
[White "Schweier, Lorenz"]
[Black "Kowarsch, Heinrich"]
[Result "1/2-1/2"]
[WhiteElo "1740"]
[BlackElo "1940"]
[PlyCount "104"]
[EventDate "1999.??.??"]
[EventType "team-tourn"]
[EventRounds "9"]
[EventCountry "GER"]
[SourceTitle "EXT 2020"]
[Source "ChessBase"]
[SourceDate "2019.10.17"]
[SourceVersion "1"]
[SourceVersionDate "2019.10.17"]
[SourceQuality "1"]
[WhiteTeam "Sonthofen"]
[BlackTeam "Tuerkheim"]
[WhiteTeamCountry "GER"]
[BlackTeamCountry "GER"]

1. e4 c5 2. Nf3 d6 3. Bc4 e6 4. d4 cxd4 5. Nxd4 a6 6. Bb3 Nf6 7. Nc3 b5 8. Qe2 Qc7 9. Bg5 Be7 10. 0-0-0 Bd7 11. f4 b4 12. Nb1 Nc6 13. f5 e5 14. Nxc6 Bxc6 15. Bxf6 Bxf6 16. Nd2 0-0 17. h4 Bb5 18. Qh5 a5 19. Bd5 Rac8 20. Kb1 Qxc2+ 21. Ka1 a4 22. Qf3 a3 23. Qb3 axb2+ 24. Qxb2 Be2 25. Rc1 Qxb2+ 26. Kxb2 Rxc1 27. Kxc1 Rc8+ 28. Kb2 Bd3 29. Kb3 Rc3+ 30. Kxb4 Rc2 31. Nb3 Rxg2 32. a4 Rc2 33. Rh3 Bf1 34. Rh1 Ba6 35. h5 h6 36. Rc1 Rxc1 37. Nxc1 Bg5 38. Nb3 Be2 39. a5 Be3 40. Bc4 Bxh5 41. Kb5 Bd1 42. Kc6 Bxb3 43. Bxb3 Bc5 44. a6 Kf8 45. Kb7 Ke7 46. a7 Bxa7 47. Kxa7 g6 48. fxg6 fxg6 49. Kb6 h5 50. Kc6 g5 51. Bd1 g4 52. Kd5 Kd7 1/2-1/2

[Event "Regionalliga SW 9900"]
[Site "Bayern"]
[Date "1999.??.??"]
[Round "1.7"]
[White "Schweier, Lorenz"]
[Black "Winterkamp, Stefan"]
[Result "1-0"]
[WhiteElo "1740"]
[BlackElo "1970"]
[PlyCount "37"]
[EventDate "1999.??.??"]
[EventType "team-tourn"]
[EventRounds "9"]
[EventCountry "GER"]
[SourceTitle "EXT 2020"]
[Source "ChessBase"]
[SourceDate "2019.10.17"]
[SourceVersion "1"]
[SourceVersionDate "2019.10.17"]
[SourceQuality "1"]
[WhiteTeam "Sonthofen"]
[BlackTeam "Klosterlechfeld"]
[WhiteTeamCountry "GER"]
[BlackTeamCountry "GER"]

1. e4 c6 2. d4 d5 3. e5 Bf5 4. Bd3 Bxd3 5. Qxd3 Qa5+ 6. Nc3 e6 7. Bd2 Qa6 8. Qg3 Ne7 9. Nge2 Nf5 10. Qh3 c5 11. dxc5 Qc4 12. g4 Nd4 13. Nxd4 Qxd4 14. 0-0-0 Qxe5 15. Rhe1 Qc7 16. Nxd5 Qxc5 17. Bb4 Qc4 18. Bxf8 Rxf8 19. Qa3 1-0

[Event "Regionalliga SW 9899"]
[Site "Bayern"]
[Date "1999.??.??"]
[Round "8.4"]
[White "Schweier, Lorenz"]
[Black "Wittal, Werner"]
[Result "1/2-1/2"]
[WhiteElo "1740"]
[BlackElo "1995"]
[PlyCount "80"]
[EventDate "1998.??.??"]
[EventType "team-tourn"]
[EventRounds "9"]
[EventCountry "GER"]
[SourceTitle "EXT 2020"]
[Source "ChessBase"]
[SourceDate "2019.10.17"]
[SourceVersion "1"]
[SourceVersionDate "2019.10.17"]
[SourceQuality "1"]
[WhiteTeam "Sonthofen"]
[BlackTeam "Noerdlingen"]
[WhiteTeamCountry "GER"]
[BlackTeamCountry "GER"]

1. e4 d6 2. d4 Nf6 3. Nc3 c6 4. Bc4 b5 5. Bd3 e5 6. Nf3 Bg4 7. Be3 Qc7 8. 0-0 Be7 9. b4 a5 10. a3 0-0 11. d5 axb4 12. axb4 Rxa1 13. Qxa1 cxd5 14. exd5 Rc8 15. Nxb5 Qb7 16. Qa7 Qxa7 17. Nxa7 Rc7 18. b5 Nxd5 19. Ra1 Nxe3 20. fxe3 Bxf3 21. gxf3 d5 22. b6 Rc3 23. Ra5 Bc5 24. Kf2 Bxb6 25. Rxd5 g6 26. Nb5 Rc5 27. Rd6 Ba5 28. c4 Nc6 29. Ke2 Kf8 30. Rd7 Nb4 31. Rb7 Na2 32. Nd6 Nc3+ 33. Kf1 Rc7 34. Rxc7 Bxc7 35. Nb5 Nxb5 36. cxb5 Ke7 37. Ke2 Kd6 38. Kd2 Kc5 39. h3 Bb6 40. Ke2 Kb4 1/2-1/2

[Event "Regionalliga SW 9596"]
[Site "Bayern"]
[Date "1996.??.??"]
[Round "?"]
[White "Rajic, Ivica"]
[Black "Schweier, Lorenz"]
[Result "1-0"]
[WhiteElo "2195"]
[BlackElo "1980"]
[PlyCount "139"]
[EventDate "1995.10.??"]
[EventType "team-tourn"]
[EventRounds "9"]
[EventCountry "GER"]
[SourceTitle "EXT 1999"]
[Source "ChessBase"]
[SourceDate "1998.11.16"]
[SourceVersion "1"]
[SourceVersionDate "1998.11.16"]
[SourceQuality "1"]
[WhiteTeam "Muenchen FC Bayern II"]
[BlackTeam "Sonthofen"]
[WhiteTeamCountry "GER"]
[BlackTeamCountry "GER"]

1. d4 Nf6 2. c4 d6 3. Nc3 e5 4. d5 Be7 5. e4 0-0 6. Bd3 a5 7. h3 Na6 8. a3 Nc5 9. Bc2 Bd7 10. Be3 b6 11. Nge2 Ne8 12. g4 Bg5 13. Qd2 Bxe3 14. Qxe3 Qh4 15. 0-0-0 a4 16. Rdg1 f6 17. Kb1 Ra5 18. f4 exf4 19. Qxf4 b5 20. cxb5 Bxb5 21. Nd4 Bd7 22. Qd2 Qg5 23. Qe1 g6 24. Nf5 Ra8 25. Qf2 Bxf5 26. gxf5 Qh5 27. fxg6 hxg6 28. Rxg6+ Kf7 29. e5 Ke7 30. exf6+ Nxf6 31. Rg7+ Kd8 32. Re1 Nfd7 33. Qg3 Ne5 34. Rh7 Qf3 35. Qg7 Rf7 36. Qg8+ Rf8 37. Qg5+ Kc8 38. Qe7 Rf7 39. Rxf7 Nxf7 40. Nb5 Na6 41. Be4 Qb3 42. Qe8+ Nd8 43. Nd4 Qg3 44. Bf5+ Kb7 45. Qb5+ Ka7 46. Rc1 Nc5 47. Rc4 Qe1+ 48. Rc1 Qd2 49. Rxc5 dxc5 50. Qxc5+ Kb7 51. Qb5+ Ka7 52. Qxa4+ Kb7 53. Qb5+ Ka7 54. Bd3 Qe3 55. Qc4 Qe1+ 56. Ka2 Qa5 57. h4 Qb6 58. h5 Nf7 59. Qc3 Kb7 60. Bb5 Rh8 61. Bc6+ Kb8 62. a4 Rxh5 63. a5 Qa6 64. Qb4+ Kc8 65. Nb5 Re5 66. Qg4+ Kb8 67. Qg8+ Qc8 68. Qxf7 Rf5 69. Qe7 Rf2 70. Qe3 1-0

[Event "Regionalliga SW 9596"]
[Site "Bayern"]
[Date "1996.??.??"]
[Round "?"]
[White "Schuele, Herbert"]
[Black "Schweier, Lorenz"]
[Result "0-1"]
[WhiteElo "2005"]
[BlackElo "1980"]
[PlyCount "60"]
[EventDate "1995.10.??"]
[EventType "team-tourn"]
[EventRounds "9"]
[EventCountry "GER"]
[SourceTitle "EXT 1999"]
[Source "ChessBase"]
[SourceDate "1998.11.16"]
[SourceVersion "1"]
[SourceVersionDate "1998.11.16"]
[SourceQuality "1"]
[WhiteTeam "Lauingen"]
[BlackTeam "Sonthofen"]
[WhiteTeamCountry "GER"]
[BlackTeamCountry "GER"]

1. e4 c5 2. Nf3 a6 3. Nc3 Nc6 4. d4 cxd4 5. Nxd4 e5 6. Nf3 Nf6 7. Bg5 Bb4 8. Bc4 Bxc3+ 9. bxc3 Qa5 10. Qd3 Nxe4 11. Qxe4 Qxc3+ 12. Ke2 Nd4+ 13. Qxd4 exd4 14. Bd3 0-0 15. Rhd1 d5 16. Nxd4 Bg4+ 17. f3 Rfe8+ 18. Kf1 Bd7 19. Rab1 g6 20. Bf6 b5 21. g4 Re3 22. Kf2 Rae8 23. g5 Qc5 24. h4 Qc7 25. Rh1 Qf4 26. h5 Bg4 27. hxg6 Rxf3+ 28. Nxf3 Qxf3+ 29. Kg1 Qg3+ 30. Kf1 fxg6 0-1

[Event "Regionalliga SW 9596"]
[Site "Bayern"]
[Date "1996.??.??"]
[Round "?"]
[White "Schweier, Lorenz"]
[Black "Gergen, Harald"]
[Result "1-0"]
[WhiteElo "1980"]
[BlackElo "1955"]
[PlyCount "141"]
[EventDate "1995.10.??"]
[EventType "team-tourn"]
[EventRounds "9"]
[EventCountry "GER"]
[SourceTitle "EXT 1999"]
[Source "ChessBase"]
[SourceDate "1998.11.16"]
[SourceVersion "1"]
[SourceVersionDate "1998.11.16"]
[SourceQuality "1"]
[WhiteTeam "Sonthofen"]
[BlackTeam "Kriegshaber SK"]
[WhiteTeamCountry "GER"]
[BlackTeamCountry "GER"]

1. Nf3 d5 2. d3 c6 3. g3 Bg4 4. Nbd2 Nd7 5. Bg2 e6 6. 0-0 Ngf6 7. c3 Bd6 8. Re1 0-0 9. Qc2 Re8 10. e4 Qc7 11. a4 Rad8 12. a5 h6 13. Nf1 Bf8 14. Nh4 g5 15. Nf3 dxe4 16. dxe4 Nc5 17. Nd4 e5 18. Nf3 Nd3 19. Rd1 Nxc1 20. Rdxc1 a6 21. Ne3 Be6 22. h4 g4 23. Nh2 h5 24. b4 Rd7 25. Rd1 Red8 26. Rxd7 Rxd7 27. Re1 c5 28. Nd5 Nxd5 29. exd5 Bxd5 30. Bxd5 Rxd5 31. Qf5 cxb4 32. Qg5+ Bg7 33. cxb4 Qd8 34. Qxh5 Rd1 35. Rxd1 Qxd1+ 36. Nf1 Qd4 37. Qg5 Qe4 38. Ne3 f6 39. Qxg4 Qxg4 40. Nxg4 Kf7 41. Ne3 Ke6 42. Kf1 Bf8 43. Nc2 Kd5 44. Ke2 Kc4 45. g4 Kc3 46. Ne3 Bg7 47. Nf5 Bh8 48. Nd6 Kxb4 49. Nxb7 Kb5 50. Kd3 Kc6 51. Nd8+ Kd7 52. Nf7 Bg7 53. h5 Ke7 54. h6 Kxf7 55. hxg7 Kxg7 56. Kc4 Kg6 57. Kc5 Kg5 58. Kb6 Kxg4 59. Kxa6 Kf3 60. Kb6 Kxf2 61. a6 e4 62. a7 e3 63. a8Q e2 64. Qa2 Kf1 65. Qc4 Kf2 66. Qf4+ Kg1 67. Qe3+ Kf1 68. Qf3+ Ke1 69. Kc5 Kd1 70. Qd3+ Ke1 71. Kd4 1-0

[Event "Regionalliga SW 9596"]
[Site "Bayern"]
[Date "1995.??.??"]
[Round "?"]
[White "Fischer, Manfred"]
[Black "Schweier, Lorenz"]
[Result "1-0"]
[WhiteElo "2035"]
[BlackElo "1980"]
[PlyCount "39"]
[EventDate "1995.10.??"]
[EventType "team-tourn"]
[EventRounds "9"]
[EventCountry "GER"]
[SourceTitle "EXT 1999"]
[Source "ChessBase"]
[SourceDate "1998.11.16"]
[SourceVersion "1"]
[SourceVersionDate "1998.11.16"]
[SourceQuality "1"]
[WhiteTeam "Tuerkheim"]
[BlackTeam "Sonthofen"]
[WhiteTeamCountry "GER"]
[BlackTeamCountry "GER"]

1. e4 c5 2. Nc3 Nc6 3. f4 d6 4. Nf3 g6 5. Bc4 Bg7 6. 0-0 e6 7. f5 exf5 8. d3 Nge7 9. Qe1 0-0 10. Bg5 h6 11. Qh4 Kh7 12. Nd5 fxe4 13. dxe4 Be6 14. Nxe7 Bxc4 15. Nf5 f6 16. Bxh6 gxf5 17. Ng5+ Kg8 18. Bxg7 fxg5 19. Qh8+ Kf7 20. Rxf5+ 1-0

[Event "Regionalliga SW 9495"]
[Site "Bayern"]
[Date "1995.??.??"]
[Round "?.4"]
[White "Schweier, Lorenz"]
[Black "Louis, Peter"]
[Result "1-0"]
[WhiteElo "1970"]
[BlackElo "2075"]
[PlyCount "89"]
[EventDate "1994.10.??"]
[EventType "team-tourn"]
[EventRounds "9"]
[EventCountry "GER"]
[SourceTitle "EXT 1999"]
[Source "ChessBase"]
[SourceDate "1998.11.16"]
[SourceVersion "1"]
[SourceVersionDate "1998.11.16"]
[SourceQuality "1"]
[WhiteTeam "Sonthofen"]
[BlackTeam "Obermenzing"]
[WhiteTeamCountry "GER"]
[BlackTeamCountry "GER"]

1. Nf3 Nf6 2. d3 d5 3. c3 g6 4. g3 Bg7 5. Bg2 0-0 6. 0-0 b6 7. Nbd2 Bb7 8. Re1 Nbd7 9. Nf1 e5 10. Bg5 h6 11. Bd2 Qe7 12. Nh4 Rad8 13. Qc1 Kh7 14. Ne3 Qe6 15. a4 Ne8 16. a5 Nd6 17. axb6 axb6 18. Ra7 e4 19. Rxb7 Nxb7 20. Nxd5 c6 21. Nf4 Qd6 22. dxe4 Ne5 23. Be3 Nc4 24. Nd3 c5 25. Bf4 Qd7 26. e5 Nba5 27. Qc2 Nc6 28. Be4 Kg8 29. Nf3 g5 30. Bxc6 Qxc6 31. Bc1 Qe4 32. Qa4 Qd5 33. h4 Nxe5 34. Ndxe5 Bxe5 35. hxg5 h5 36. Qh4 Bg7 37. Qxh5 Rfe8 38. Kg2 Qe4 39. Bf4 Rd5 40. Ra1 Qxe2 41. Re1 Qxe1 42. Nxe1 Rxe1 43. Qf3 Rdd1 44. Qa8+ Bf8 45. g6 1-0